| 000 | 00628nam a2200229 a 4500 | ||
|---|---|---|---|
| 005 | 20140310183246.0 | ||
| 008 | 040910s19uu xx 00 eng d | ||
| 020 | _a0-13-142648-6 | ||
| 050 |
_aQA 76.73.J38 _b.Si57 2004 |
||
| 100 | _aDeitel, H.M. | ||
| 245 | _aSimply javaTM programming/. | ||
| 260 |
_aNew Jersey : _bPearson Education Inc, _c2004. |
||
| 300 |
_a971 p. : _bcol. ill. ; _c28 cm. |
||
| 521 | _aIT | ||
| 650 | _aJava (Computer Program Language). | ||
| 700 | _aDeitel, P.J. | ||
| 700 | _aListfield, J.A. | ||
| 700 | _aYaeger, C.H. | ||
| 700 | _azHANG, S. | ||
| 942 |
_cBK _2lcc _kFOR |
||
| 999 |
_c20697 _d20697 |
||